| 000 | 00549cam a2200193 a 4500 | ||
|---|---|---|---|
| 020 | _a0911625755 (alk. paper) : | ||
| 040 | _cDLC | ||
| 082 | 0 | 0 | _a650 MUR 1994 A050 Or. |
| 100 | 1 | _aPrince, Anne. | |
| 245 | 1 | 4 | _aLotus 1-2-3, 4.0 for Windows / |
| 260 |
_aFresno, Calif. : _bM. Murach, _cc1994. |
||
| 300 |
_ax, 477 p. : _bill. ; _c24 cm. |
||
| 500 | _aAt head of title: The essential guide. | ||
| 500 | _aCover title: 1-2-3 for Windows. | ||
| 500 | _aIncludes index. | ||
| 650 | 0 | _aBusiness | |
| 650 | 0 | _aElectronic spreadsheets. | |
| 942 | _cEK | ||
| 999 |
_c14251 _d14251 |
||